| 000 | 01112nam a22003257a 4500 | ||
|---|---|---|---|
| 003 | CHAP | ||
| 005 | 20220329140853.0 | ||
| 008 | 971013s1995 r 00010 d | ||
| 010 | _a58986 | ||
| 011 | _a59958 | ||
| 035 | _a64118 | ||
| 040 | _cCHAP | ||
| 090 | _aTesis | ||
| 100 | 0 | 0 |
_aValencia Mejía, J. Isabel. _9117423 |
| 245 | _aEstimación de la demanda de papa (Solanum tuberosum) en México de 1970 a 1993 | ||
| 260 |
_aChapingo, Méx. : _bEl autor, _c1995 |
||
| 300 |
_a68 h. _b: ilus. |
||
| 502 | _aTesis (Lic. en Economía Agrícola) -- UACH. Departamento de Economía Agricola | ||
| 590 |
_aALEPH _b10 _c20130110 _lUCH01 _h1337 |
||
| 590 |
_aBATCH-UPD _b10 _c20130110 _lUCH01 _h1545 |
||
| 590 |
_aBATCH-UPD _b10 _c20130410 _lUCH01 _h0945 |
||
| 590 |
_aBATCH-UPD _b10 _c20130914 _lUCH01 _h1858 |
||
| 590 |
_aCONVERSION _b10 _c20130109 _lUCH01 _h1332 |
||
| 650 | 1 | 4 |
_aPapa _xAspectos económicos _xMéxico. _985179 |
| 650 | 1 | 4 |
_aPapa _xMercadeo. _985261 |
| 901 | _aBK | ||
| 942 | _cFOLL | ||
| 949 |
_bBC _cTES _d-139566 _eTS1 _h28642 _i64118 _si |
||
| 949 |
_bBC _cTES _d33724000081899 _eTS2 _fc.2 _h28643 _i64118 _si |
||
| 999 |
_c58986 _d58986 |
||